00245nam a2200109Ia 4500008004100000041000800041082001000049100001700059245002300076260001500099650002100114240830s1901 xx 000 0 und d aeng a0 S.K aS.K. DEVDHAR aPADMAPURN PART - 7 bN.D.c1901 aSANSKRIT SAMHITA